header

The muckrakers and the Progressive Era (Record no. 210935)

MARC details
000 -LEADER
fixed length control field 01437nam a2200337Ia 4500
100 1# - MAIN ENTRY--AUTHOR NAME
Personal name Hillstrom, Laurie Collier,
245 14 - TITLE STATEMENT
Title The muckrakers and the Progressive Era
260 ## - PUBLICATION, DISTRIBUTION, ETC. (IMPRINT)
Place of publication Detroit, MI :
Name of publisher Omnigraphics, Inc.,
Year of publication 2009.
300 ## - PHYSICAL DESCRIPTION
Number of Pages xvi, 248 p.
490 1# - SERIES STATEMENT
Series statement Defining moments
650 #0 - SUBJECT ADDED ENTRY--TOPICAL TERM
Topical Term Journalism
Topical Term Social problems
Topical Term Progressivism (United States politics)
856 40 - ELECTRONIC LOCATION AND ACCESS
Uniform Resource Identifier http://site.ebrary.com/lib/rucke/Doc?id=10355663

No items available.

© 2026 Rongo University
Contact us: librarian | system librarian | Rongo university